| 000 | 00901nam a22002655a 4500 | ||
|---|---|---|---|
| 005 | 20201128024007.0 | ||
| 008 | 161116t2013 maua frbd 001 0 eng d | ||
| 020 | _a9781449649173 | ||
| 040 |
_aEG-ScBUE _beng _cEG-ScBUE _dEG-ScBUE |
||
| 082 | 0 | 4 |
_222 _a004.6 _bSOL |
| 100 | 1 |
_aSolomon, Michael, _d1966- |
|
| 245 | 1 | 0 |
_aFundamentals of communications and networking / _cMichael G. Solomon and David Kim. |
| 260 |
_aBurlington : _bJones & Bartlett Learning, _cc.2013. |
||
| 300 |
_axv, 484 p. : _bill. ; _c24 cm. |
||
| 500 | _aGlossary : p. 451-462. | ||
| 500 | _aIndex : p. 465-484. | ||
| 504 | _aBibliography : p. 463-464. | ||
| 650 | 7 |
_2BUEsh _aTelecommunication systems _xManagement. |
|
| 650 | 7 |
_2BUEsh _91660 _aComputer networks. |
|
| 650 | 7 |
_2BUEsh _aBusiness communication _xComputer networks. |
|
| 651 | _2BUEsh | ||
| 653 |
_bCOMSCI _cNovember2016 |
||
| 700 | 1 | _aKim, David. | |
| 942 | _2ddc | ||
| 999 |
_c23168 _d23140 |
||